000 01124nam a22002775a 4500
999 _c1947
_d1947
003 EG-ScBUE
005 20191209140710.0
008 100920s2006 stk f d 000 0 eng d
020 _a0007232306
020 _a9780007232307
040 _aEG-ScBUE
_beng
_erda
_cEG-ScBUE
_dEG-ScBUE
082 0 4 _a423
_bCOL
_222
245 0 0 _aCollins English dictionary.
250 _aEighth edition.
264 1 _aGlasgow :
_bHarperCollins Publishers,
_c2006.
300 _axiii, 1872 pages ;
_c27 cm
336 _2rdacontent
_atext
_btxt
337 _2rdamedia
_aunmediated
_bn
338 _2rdacarrier
_avolume
_bnc
520 _aOffering coverage of world, regional and dialect English, this dictionary includes coverage of geographical, scientific, and technical entries. Written by a team of leading academic experts, it gives advice on using the right word in the right place, and features many word histories that trace the roots of modern English.
590 _ashimaahishaim
650 7 _aEnglish language
_xDictionaries.
_2BUEsh
_919603
653 _bHHUUEENN
_cAugust2018
655 _vReading book
942 _2ddc
_cREFERENCE